Statistics for Most Frequent Letters Used in the English Language.

Click here to take the quiz!

General Stats

  • This quiz has been taken 223 times
    (216 since last reset)
  • The average score is 6 of 7

Answer Stats

Percent of words with this letterLetter% Correct
8.04%A
99%
12.49%E
96%
7.64%O
91%
7.57%I
90%
6.51%S
79%
9.28%T
79%
7.23%N
61%

Score Distribution

Percentile by Number Answered

Percent of People with Each Score

Your Score History

You have not taken this quiz since the last reset